Post green : (Record no. 1429692)

MARC details
000 -LEADER
fixed length control field 00597nam a2200205Ia 4500
005 - DATE AND TIME OF LATEST TRANSACTION
control field 20250611153132.0
008 - FIXED-LENGTH DATA ELEMENTS--GENERAL INFORMATION
fixed length control field 008 250516s9999 xx 000 0 eng d
020 ## - INTERNATIONAL STANDARD BOOK NUMBER
International Standard Book Number 9781666947908
040 ## - CATALOGING SOURCE
Language of cataloging eng
Transcribing agency SDCL
041 ## - LANGUAGE CODE
Language code of text/sound track or separate title eng
Source of code eng
084 ## - COLON CLASSIFICATION NUMBER
Classification number V:(G:55) R4
245 #0 - TITLE STATEMENT
Title Post green :
Remainder of title Literature, culture, and the environment
260 ## - PUBLICATION, DISTRIBUTION, ETC.
Place of publication, distribution, etc. London :
Name of publisher, distributor, etc. Lexington Books,
Date of publication, distribution, etc. 2024.
300 ## - PHYSICAL DESCRIPTION
Extent viii, 223p.
490 ## - SERIES STATEMENT
Series statement Ecocritical theory and practice
650 ## - SUBJECT ADDED ENTRY--TOPICAL TERM
Topical term or geographic name entry element Reference
700 ## - ADDED ENTRY--PERSONAL NAME
Personal name Sivaramakrishnan, Murali Ed.
700 ## - ADDED ENTRY--PERSONAL NAME
Personal name Roy, Animesh Ed.
942 ## - ADDED ENTRY ELEMENTS (KOHA)
Koha item type Textual
Source of classification or shelving scheme Colon Classification (CC)
700 ## - ADDED ENTRY--PERSONAL NAME
-- 812635
700 ## - ADDED ENTRY--PERSONAL NAME
-- 812636
999 ## -
-- 1429692
-- 1429692
Holdings
Withdrawn status Lost status Source of classification or shelving scheme Damaged status Not for loan Home library Current library Date acquired Source of acquisition Inventory number Total checkouts Full call number Barcode Date last seen Price effective from Koha item type
    Colon Classification (CC)     South Campus Library South Campus Library 2025-05-22 Pioneer Book Distributor 73, 27/12/2024   V:(G:55) R4 SC1808735 2025-05-22 2025-05-22 Textual
Copyright @ Delhi University Library System